प्रेमचन्द की हास्य कहानियाँ (Record no. 6989)

MARC details
000 -LEADER
fixed length control field 01226 a2200241 4500
005 - DATE AND TIME OF LATEST TRANSACTION
control field 20080912122731.0
008 - FIXED-LENGTH DATA ELEMENTS--GENERAL INFORMATION
fixed length control field 080912t xxu||||| |||| 00| 0 hin d
010 ## - LIBRARY OF CONGRESS CONTROL NUMBER
LC control number HIN-80744
020 ## - INTERNATIONAL STANDARD BOOK NUMBER
International Standard Book Number 8189327429
Terms of availability 150.00
035 ## - SYSTEM CONTROL NUMBER
System control number HN-53090
037 ## - SOURCE OF ACQUISITION
Source of stock number/acquisition D.B.Act / pub
082 ## - DEWEY DECIMAL CLASSIFICATION NUMBER
Classification number
245 ## - TITLE STATEMENT
Title प्रेमचन्द की हास्य कहानियाँ
Statement of responsibility, etc संपादक बालेन्दु शेखर तिवारी
246 ## - VARYING FORM OF TITLE
Title proper/short title Pramchand ki Hasya Kahaniya
Remainder of title Ed by Balendu Shekhar Tiwari
260 ## - PUBLICATION, DISTRIBUTION, ETC. (IMPRINT)
Place of publication, distribution, etc पटना
Name of publisher, distributor, etc विशाल पब्लिकेशंन
Date of publication, distribution, etc 2007
270 ## - ADDRESS
Address कैलाश मार्केट, दरियापुर,पटना
City पटना
Postal code 800004
300 ## - PHYSICAL DESCRIPTION
Extent viii,112पृ
Dimensions 22 सेमी (सजिल्द)
650 ## - SUBJECT ADDED ENTRY--TOPICAL TERM
Topical term or geographic name as entry element हिन्दी कहानियाँ
650 ## - SUBJECT ADDED ENTRY--TOPICAL TERM
Topical term or geographic name as entry element Hindi Stories
700 ## - ADDED ENTRY--PERSONAL NAME
Personal name तिवारी, बालेन्दु शेखर
942 ## - ADDED ENTRY ELEMENTS (KOHA)
Institution code [OBSOLETE] dpl
Koha item type Hindi Books
Call number prefix क / गुप्ताइं
Source of classification or shelving scheme Dewey Decimal Classification
Classification part
Call number suffix गुप्ताइं
Holdings
Withdrawn status Lost status Damaged status Not for loan Home library Current library Date acquired Cost, normal purchase price Total Checkouts Full call number Barcode Date last seen Copy number Uniform Resource Identifier Cost, replacement price Price effective from Koha item type
        D.B.Act.Division D.B.Act.Division 12/09/2008 150.00   क गुप्ताइं HN-53090 15/09/2008 1 7501 150.00 15/09/2008 Hindi Books

© Delhi Public Library
Hit Counter
free hit counter